Aktuelle Cheftrainer aller Vereine der 1. und 2. Fußball-Bundesliga - Statistiken

Allgemein
  • Dieses Quiz wurde 82 mal gespielt
  • Das Durchschnittsergebnis liegt bei 18 aus 36
Antwortstatistiken
Verein im Verein seit Trainer % Korrekt
Bayer Leverkusen 2022 Xabi Alonso
99%
FC Bayern München 2024 Vincent Kompany
92%
VfB Stuttgart 2023 Sebastian Hoeneß
89%
Borussia Dortmund 2024 Niko Kovac
88%
Eintracht Frankfurt 2023 Dino Toppmöller
81%
Werder Bremen 2021 Ole Werner
81%
FC Heidenheim 2007 Frank Schmidt
74%
Union Berlin 2025 Steffen Baumgart
74%
RB Leipzig 2025 Zsolt Löw
65%
VfL Bochum 2024 Dieter Hecking
64%
SC Freiburg 2024 Julian Schuster
64%
Borussia Mönchengladbach 2023 Gerardo Seoane
59%
FSV Mainz 2024 Bo Henriksen
58%
FC Nürnberg 2024 Miroslav Klose
58%
VfL Wolfsburg 2024 Ralph Hasenhüttl
57%
Fortuna Düsseldorf 2022 Daniel Thioune
49%
FC Kaiserslautern 2024 Markus Anfang
49%
Hamburger SV 2024 Merlin Polzin
49%
Hertha BSC 2025 Stefan Leitl
47%
FC Magdeburg 2021 Christian Titz
46%
FC Augsburg 2023 Jess Thorup
46%
Holstein Kiel 2021 Marcel Rapp
46%
SV Darmstadt 2024 Florian Kohfeldt
45%
FC St. Pauli 2024 Alexander Blessin
42%
SC Paderborn 2021 Lukas Kwasniok
42%
FC Schalke 2024 Kees van Wonderen
39%
Hannover 96 2025 Andre Breitenreiter
38%
Karlsruher SC 2020 Christian Eichner
35%
FC Köln 2024 Gerhard Struber
34%
SV Elversberg 2018 Horst Steffen
32%
TSG Hoffenheim 2024 Christial Ilzer
28%
Preußen Münster 2019 Sascha Hildmann
16%
Eintracht Braunschweig 2024 Daniel Scherning
15%
SSV Ulm 2025 (interim) Robert Lechleiter
14%
Greuther Fürth 2024 Jan Siewert
12%
SV Jahn Regensburg 2024 Andreas Patz
9%
Keine übereinstimmenden Quizze gefunden
Verteilung der Resultate
Anzahl Personen mit jedem Resultat
Perzentil nach korrekt beantworteten Fragen
Ihre Resultats-Entwicklung
Sie haben dieses Quiz noch nicht gespielt